000 00786nam a2200217 a 4500
005 20230209063851.0
008 070418s2003 mx r 000 0 spa d
020 _a9701043324
035 _aUPN01000150078
049 _aCG
050 4 _aHD57.7
_bF6.4
100 1 _aFreedman, Mike,
_d1942-
245 1 0 _aLiderazo estratégico :
_barte y disciplina : descubra la fuerza impulsora para hacer consistente su liderazgo /
_cMike Freedman, Benjamin B. Tregoe ; tr. José Carmen Pecina Hernández.
260 _aMéxico :
_bMcGraw-Hill,
_cc2003.
300 _a218 p.
534 _pTítulo original:
_tThe art and discipone of strategic leadership
650 4 _aLiderazgo
_95345
650 4 _aPlanificación estratégica
_91106
700 1 _aTregoe, Benjamin B.,
_ecoaut.
905 _aLibro
999 _c122219
_d122219